000 00618nam a22001577a 4500
003 PILC
005 20250211105913.0
008 150605b xxu||||| |||| 00| 0 eng d
050 _aHA 31
_b.Al336 1992
100 _aAlbino, Marvin D.
245 _aStatistical data bank for the bureau of agricultural statistics crops, livestock, poultry and fishery statistics division /
_cMarvin D. Albino, Ma. Kristine V. Geronimo, Arlene R. Lazaro, Vilma Santiago.
260 _aManila :
_bDe La Salle University,
_c1992.
300 _a218 pages :
_billustrations ;
_c28 cm.
650 _aStatistical data.
942 _2lcc
_cTH
_kLOC
999 _c284771
_d284771